[Event "Heusenstamm Sparkassen op-A 6th"]
[White "Kolker, Vladislav"]
[Black "Heindrich, Mark"]
[Site "Heusenstamm"]
[Round "4"]
[Result "1/2-1/2"]
[Date "2019.11.23"]
[WhiteElo "1911"]
[BlackElo "2096"]
[PlyCount "35"]
[EventDate "2019.11.21"]
[EventType "swiss"]
[EventRounds "7"]
[EventCountry "GER"]
[SourceTitle "CBM 194 Extra"]
[Source "ChessBase"]
[SourceDate "2020.03.31"]
[SourceVersion "1"]
[SourceVersionDate "2020.03.31"]
[SourceQuality "1"]

1. e4 g6 2. d4 Bg7 3. Nc3 c6 4. Nf3 d5 5. exd5 cxd5 6. Ne5 Nf6 7. Bd3 a6 8. f4 Bd7 9. 0-0 Qb6 10. Ne2 Nc6 11. c3 0-0 12. Nxd7 Nxd7 13. f5 e5 14. fxe6 fxe6 15. Nf4 Rf6 16. Qe2 Raf8 17. Be3 Ne7 18. c4 1/2-1/2

[Event "Heusenstamm Sparkassen op-A 6th"]
[White "Halabi, Ibrahim"]
[Black "Heindrich, Mark"]
[Site "Heusenstamm"]
[Round "2"]
[Result "1-0"]
[Date "2019.11.22"]
[WhiteElo "1869"]
[BlackElo "2096"]
[PlyCount "121"]
[EventDate "2019.11.21"]
[EventType "swiss"]
[EventRounds "7"]
[EventCountry "GER"]
[SourceTitle "CBM 194 Extra"]
[Source "ChessBase"]
[SourceDate "2020.03.31"]
[SourceVersion "1"]
[SourceVersionDate "2020.03.31"]
[SourceQuality "1"]

1. e4 e5 2. Nf3 Nc6 3. Bc4 Bc5 4. c3 Qe7 5. 0-0 d6 6. d4 Bb6 7. h3 Nf6 8. Bg5 h6 9. Bxf6 Qxf6 10. Bb5 0-0 11. a4 a6 12. Bxc6 bxc6 13. a5 Ba7 14. Qa4 Qg6 15. Kh1 Qxe4 16. Nbd2 Qf5 17. Qxc6 Bd7 18. Qxc7 exd4 19. cxd4 Bb5 20. Rfe1 Qd5 21. Ne4 Bb8 22. Qb6 Bd7 23. Ra3 Ra7 24. Nc3 Qh5 25. Ne4 Qd5 26. Nc3 Qa8 27. Rb3 Bc7 28. Qb4 Rb8 29. Qa3 Rxb3 30. Qxb3 Bxa5 31. Re7 Be8 32. Rxa7 Qxa7 33. Ne4 Qc7 34. Qa3 d5 35. Nc5 Qb6 36. Ne5 Bb4 37. Qe3 Bxc5 38. dxc5 Qxb2 39. c6 Qc2 40. Nd7 Qb1+ 41. Kh2 Qe4 42. Qxe4 dxe4 43. Ne5 Bxc6 44. Nxc6 Kf8 45. Kg3 g5 46. Kg4 Ke8 47. Kf5 Kd7 48. Na5 Kd6 49. Kxe4 Kc5 50. Nb7+ Kb6 51. Nd6 f6 52. Kd5 Ka5 53. g4 Kb4 54. Nc4 Kc3 55. Na5 Kd3 56. Ke6 Kd4 57. Kxf6 Kc5 58. Kg6 Kb6 59. Nb3 Kb5 60. Kxh6 Kb4 61. Na1 1-0

[Event "Wiesbaden op 31st"]
[White "Heindrich, Mark"]
[Black "Kiefer, Daniel"]
[Site "Wiesbaden"]
[Round "6"]
[Result "0-1"]
[Date "2019.08.25"]
[WhiteElo "2094"]
[BlackElo "2133"]
[PlyCount "68"]
[EventDate "2019.08.22"]
[EventType "swiss"]
[EventRounds "7"]
[EventCountry "GER"]
[SourceTitle "EXT 2020"]
[Source "ChessBase"]
[SourceDate "2019.10.17"]
[SourceVersion "1"]
[SourceVersionDate "2019.10.17"]
[SourceQuality "1"]

1. e4 e6 2. Nf3 d5 3. exd5 exd5 4. d4 Nf6 5. Be2 c5 6. 0-0 Be7 7. Nbd2 0-0 8. Re1 Qb6 9. c3 Nc6 10. Nb3 c4 11. Nbd2 Qa5 12. Nf1 Be6 13. Bf4 Nh5 14. Bd2 Qc7 15. Ng5 Nf4 16. Nxe6 Nxe6 17. Bf3 Qd7 18. Ne3 Nc7 19. Qc2 Bf6 20. Ng4 Be7 21. Bf4 Bd6 22. Bxd6 Qxd6 23. Qf5 Rae8 24. Re3 Rxe3 25. Nxe3 Ne7 26. Qc2 b6 27. Re1 g6 28. g3 Kg7 29. Qd2 h5 30. Ng2 Ne6 31. Re5 f6 32. Re1 Ng5 33. Bd1 Nf5 34. Qf4 Nh3+ 0-1

[Event "Wiesbaden op 31st"]
[White "Rump, Andreas"]
[Black "Heindrich, Mark"]
[Site "Wiesbaden"]
[Round "7"]
[Result "0-1"]
[Date "2019.08.25"]
[WhiteElo "1947"]
[BlackElo "2094"]
[PlyCount "122"]
[EventDate "2019.08.22"]
[EventType "swiss"]
[EventRounds "7"]
[EventCountry "GER"]
[SourceTitle "EXT 2020"]
[Source "ChessBase"]
[SourceDate "2019.10.17"]
[SourceVersion "1"]
[SourceVersionDate "2019.10.17"]
[SourceQuality "1"]

1. d4 d5 2. c4 Bf5 3. Nf3 e6 4. Nc3 Nc6 5. cxd5 exd5 6. a3 Nf6 7. g3 Be7 8. Bg2 0-0 9. 0-0 h6 10. b3 Ne4 11. Bb2 Nxc3 12. Bxc3 Be4 13. Nd2 Bxg2 14. Kxg2 f5 15. e3 Nb8 16. Qc2 Nd7 17. Rfc1 Qe8 18. Nf3 Qh5 19. Ba5 c6 20. Bc7 Nf6 21. Be5 Ne4 22. Nd2 Ng5 23. h4 Ne4 24. f3 Nd6 25. Qd3 Nf7 26. f4 Rae8 27. Nf3 Bd6 28. b4 a6 29. Rab1 Re6 30. Rg1 Be7 31. Kf2 Re8 32. Rg2 Bf8 33. Rbg1 Rg6 34. Qd1 Qg4 35. h5 Rge6 36. Nh4 Nd6 37. Qxg4 fxg4 38. Ng6 Kf7 39. Ke2 Nf5 40. Nh4 Nd6 41. f5 Rxe5 42. dxe5 Rxe5 43. Kd3 Nc4 44. Re1 Re4 45. Ng6 Bd6 46. Nf4 Nxa3 47. Ne6 Bxb4 48. Rf1 c5 49. Rf4 c4+ 50. Ke2 Re5 51. Rgf2 Be7 52. Nxg7 Bg5 53. Ne6 Bxf4 54. Rxf4 b5 55. Nd4 Re8 56. Rxg4 b4 57. Rg6 Nb5 58. Ne6 b3 59. Rxh6 b2 60. Ng5+ Ke7 61. f6+ Kd7 0-1

[Event "Heusenstamm Sparkassen op-A 4th"]
[White "Musiolik, David"]
[Black "Heindrich, Mark"]
[Site "Heusenstamm"]
[Round "2"]
[Result "1-0"]
[Date "2017.11.24"]
[WhiteElo "1958"]
[BlackElo "2134"]
[PlyCount "180"]
[EventDate "2017.11.23"]
[EventType "swiss"]
[EventRounds "7"]
[EventCountry "GER"]
[SourceTitle "EXT 2019"]
[Source "ChessBase"]
[SourceDate "2018.10.10"]
[SourceVersion "1"]
[SourceVersionDate "2018.10.10"]
[SourceQuality "1"]

1. e4 e5 2. Nf3 Nc6 3. Bb5 Nd4 4. Nxd4 exd4 5. 0-0 Bc5 6. Qg4 Qf6 7. d3 c6 8. Ba4 d5 9. Qh5 g6 10. Qxd5 Bb6 11. Bg5 Qe6 12. c3 f6 13. Bd2 Ne7 14. Qxe6 Bxe6 15. cxd4 Bxd4 16. Bc3 0-0-0 17. Bc2 c5 18. Bxd4 Rxd4 19. Nc3 Nc6 20. a3 a6 21. Na4 c4 22. dxc4 Bxc4 23. Rfd1 Kb8 24. Nb6 Be6 25. Rxd4 Nxd4 26. Ba4 Kc7 27. Rd1 Ne2+ 28. Kf1 Nf4 29. Nd5+ Bxd5 30. exd5 Rd8 31. Bb3 g5 32. g3 Ng6 33. Bc2 Kd6 34. Re1 Ne5 35. Bxh7 Rh8 36. Be4 Rxh2 37. Kg1 Rh8 38. Rc1 g4 39. Kg2 b5 40. b3 Rf8 41. f4 gxf3+ 42. Bxf3 Nxf3 43. Kxf3 Kxd5 44. Kf4 Re8 45. Rd1+ Kc6 46. Rd3 Re5 47. b4 Rg5 48. Rc3+ Kd7 49. Rd3+ Ke7 50. g4 Rg8 51. Rh3 Rd8 52. Re3+ Kf7 53. Rc3 Rd6 54. Kf5 Rd5+ 55. Ke4 Rd6 56. Rc7+ Kg6 57. Ra7 Kg5 58. Rg7+ Kh6 59. Rg8 Kh7 60. Rc8 Kg6 61. Rc5 Rb6 62. Kf4 Rd6 63. g5 fxg5+ 64. Rxg5+ Kf6 65. Rh5 Kg6 66. Rh3 Re6 67. Rc3 Kf6 68. Rg3 Re1 69. Rh3 Kg6 70. Re3 Rf1+ 71. Ke5 Rd1 72. Ke6 Kg5 73. Ke7 Ra1 74. Kd7 Kf4 75. Rh3 Ke4 76. Kc7 Rg1 77. Rh6 Rg7+ 78. Kb8 Kd4 79. Rxa6 Kc4 80. Ra7 Rg8+ 81. Kb7 Rg7+ 82. Kb6 Rg6+ 83. Ka5 Rg5 84. Rc7+ Kd4 85. Kb6 Rg3 86. Kxb5 Rxa3 87. Rd7+ Kc3 88. Kc5 Ra8 89. b5 Rc8+ 90. Kb6 Kc4 1-0

[Event "Hessenliga 1617"]
[White "Heindrich, Mark"]
[Black "Heymann, Anna Luise"]
[Site "Hessen"]
[Round "9.8"]
[Result "1-0"]
[Date "2017.04.23"]
[WhiteElo "2134"]
[BlackElo "1923"]
[PlyCount "111"]
[EventDate "2016.09.18"]
[EventType "team-tourn"]
[EventRounds "9"]
[EventCountry "GER"]
[SourceTitle "EXT 2018"]
[Source "ChessBase"]
[SourceDate "2017.10.13"]
[SourceVersion "1"]
[SourceVersionDate "2017.10.13"]
[SourceQuality "1"]
[WhiteTeam "Dotzheim"]
[BlackTeam "Hofheim II"]
[WhiteTeamCountry "GER"]
[BlackTeamCountry "GER"]

1. e4 e5 2. Nf3 Nc6 3. Bb5 Bc5 4. 0-0 Nd4 5. Nxd4 Bxd4 6. c3 Bb6 7. d3 c6 8. Ba4 d6 9. Be3 Ne7 10. Qe2 Ng6 11. Bb3 Qh4 12. Na3 Bg4 13. Qd2 Bxe3 14. fxe3 f6 15. Nc2 Qg5 16. Kh1 h5 17. Ne1 h4 18. h3 Bd7 19. Nf3 Qh6 20. Nh2 0-0-0 21. Bd1 Nf8 22. b4 Nh7 23. a4 Kb8 24. c4 g6 25. c5 f5 26. b5 fxe4 27. dxe4 Be8 28. Qc3 Qg7 29. Be2 Nf6 30. Bd3 Nh5 31. Qa5 Qe7 32. Rfd1 Ng3+ 33. Kg1 dxc5 34. Rac1 b6 35. Qc3 cxb5 36. axb5 Qg5 37. Ng4 Rh5 38. Rd2 Bd7 39. Bc2 Bxb5 40. Re1 Bd7 41. Red1 Qe7 42. Kh2 Kc8 43. Rd5 Rhh8 44. Nxe5 Bb5 45. Nxg6 Qc7 46. Nf4 Ne2 47. Rxd8+ Rxd8 48. Rxd8+ Qxd8 49. Qe5 Qg8 50. Nh5 a5 51. Bd1 Qd8 52. Bxe2 Bxe2 53. Nf4 Bc4 54. Qf5+ Kb7 55. e5 a4 56. Qe4+ 1-0

[Event "Hessenliga 1112"]
[White "Benninger, Rudolf"]
[Black "Heindrich, Mark"]
[Site "Germany"]
[Round "3.6"]
[Result "1-0"]
[Date "2011.11.06"]
[WhiteElo "2154"]
[BlackElo "2134"]
[PlyCount "68"]
[EventDate "2011.09.25"]
[EventType "team-tourn"]
[EventRounds "9"]
[EventCountry "GER"]
[SourceTitle "EXT 2013"]
[Source "ChessBase"]
[SourceDate "2012.11.22"]
[SourceVersion "1"]
[SourceVersionDate "2012.11.22"]
[SourceQuality "1"]
[WhiteTeam "Heusenstamm"]
[BlackTeam "Dotzheim"]
[WhiteTeamCountry "GER"]
[BlackTeamCountry "GER"]

1. e4 e5 2. Nf3 Nc6 3. d4 exd4 4. Bc4 Nf6 5. e5 d5 6. Bb5 Ne4 7. Nxd4 Bd7 8. Bxc6 bxc6 9. 0-0 Bc5 10. f3 Ng5 11. f4 Ne4 12. Be3 0-0 13. Nd2 f5 14. Nxe4 fxe4 15. Qe2 Qe7 16. Nb3 Bb6 17. c4 Bxe3+ 18. Qxe3 a5 19. Rac1 a4 20. Qc5 Qh4 21. g3 Qh3 22. Nd4 Rfb8 23. Rc2 Rb6 24. cxd5 Rab8 25. dxc6 Bg4 26. Qd5+ Kh8 27. e6 h6 28. Qxe4 Rxb2 29. e7 Bh5 30. Rxb2 Rxb2 31. e8Q+ Bxe8 32. Qxe8+ Kh7 33. Qe4+ Kh8 34. Nc2 Qc8 1-0

[Event "Hessenliga 1011"]
[White "Heindrich, Mark"]
[Black "Fischer, Roger"]
[Site "Germany"]
[Round "1.8"]
[Result "1/2-1/2"]
[Date "2010.09.26"]
[WhiteElo "2134"]
[BlackElo "2113"]
[PlyCount "82"]
[EventDate "2010.09.26"]
[EventType "team-tourn"]
[EventRounds "9"]
[EventCountry "GER"]
[SourceTitle "EXT 2012"]
[Source "ChessBase"]
[SourceDate "2011.11.24"]
[SourceVersion "1"]
[SourceVersionDate "2011.11.24"]
[SourceQuality "1"]
[WhiteTeam "Dotzheim"]
[BlackTeam "Eppstein"]
[WhiteTeamCountry "GER"]
[BlackTeamCountry "GER"]

1. e4 d6 2. d4 Nf6 3. Nc3 g6 4. g3 Bg7 5. Bg2 0-0 6. Nge2 e5 7. 0-0 exd4 8. Nxd4 Bd7 9. h3 Nc6 10. Be3 Re8 11. f4 Nxe4 12. Nxe4 d5 13. f5 dxe4 14. fxg6 fxg6 15. c3 Nxd4 16. Bxd4 Bxd4+ 17. Qxd4 Bc6 18. Rad1 Qxd4+ 19. Rxd4 Rad8 20. Rfd1 Rxd4 21. Rxd4 e3 22. Rd1 Bxg2 23. Kxg2 Rf8 24. Rf1 Rd8 25. Kf3 Rd2 26. Kxe3 Rxb2 27. Rd1 Rxa2 28. Rd7 Ra6 29. Rxc7 Rc6 30. Rxb7 Rxc3+ 31. Kf4 a5 32. Ra7 Rc4+ 33. Ke5 Rc3 34. g4 Rxh3 35. Rxa5 Re3+ 36. Kf6 Rf3+ 37. Kg5 Kg7 38. Ra7+ Rf7 39. Rxf7+ Kxf7 40. Kh6 Kg8 41. g5 Kh8 1/2-1/2

[Event "Hessenliga 0910"]
[White "Heindrich, Mark"]
[Black "Haenisch, Uwe"]
[Site "Germany"]
[Round "8.4"]
[Result "0-1"]
[Date "2010.03.14"]
[WhiteElo "2134"]
[BlackElo "2178"]
[PlyCount "110"]
[EventDate "2009.09.20"]
[EventType "team-tourn"]
[EventRounds "9"]
[EventCountry "GER"]
[SourceTitle "EXT 2011"]
[Source "ChessBase"]
[SourceDate "2010.11.26"]
[SourceVersion "1"]
[SourceVersionDate "2010.11.26"]
[SourceQuality "1"]
[WhiteTeam "Dotzheim"]
[BlackTeam "Kassel"]
[WhiteTeamCountry "GER"]
[BlackTeamCountry "GER"]

1. e4 Nf6 2. e5 Nd5 3. c3 d6 4. Nf3 dxe5 5. Nxe5 e6 6. d4 Nd7 7. Nc4 g6 8. Nbd2 Bg7 9. Nf3 h6 10. Bd3 0-0 11. Qe2 Kh8 12. Bd2 c5 13. dxc5 Nxc5 14. Bc2 b5 15. Nce5 Qc7 16. 0-0 Bb7 17. Rfe1 a6 18. Rad1 Rad8 19. Bc1 Nd7 20. Rd4 Nxe5 21. Nxe5 Qxe5 22. Qxe5 Bxe5 23. Rxe5 Kg7 24. Re1 Rc8 25. Be4 Rc7 26. f4 Rfc8 27. Bd3 Ne7 28. g4 Bd5 29. Bb1 Bf3 30. h3 Bd5 31. Kf2 h5 32. Rdd1 hxg4 33. hxg4 Rh8 34. Kg3 f5 35. Be3 Rh6 36. g5 Rh5 37. Bd3 Kf7 38. Be2 Rh7 39. Bd4 Nc6 40. Bf6 Ne7 41. b3 Nc6 42. c4 bxc4 43. bxc4 Be4 44. Rd6 Rh1 45. Rxh1 Bxh1 46. c5 Bd5 47. a3 a5 48. Kf2 Ne7 49. Ra6 Nc6 50. Ke3 Rb7 51. Bd1 Rb5 52. Bd4 Rb1 53. Ba4 Re1+ 54. Kd2 Re4 55. Bf6 Rxa4 0-1

[Event "Hessenliga 0910"]
[White "Heindrich, Mark"]
[Black "Traudes, Wolfgang"]
[Site "Germany"]
[Round "7.5"]
[Result "0-1"]
[Date "2010.02.21"]
[WhiteElo "2134"]
[BlackElo "2209"]
[PlyCount "83"]
[EventDate "2009.09.20"]
[EventType "team-tourn"]
[EventRounds "9"]
[EventCountry "GER"]
[SourceTitle "EXT 2011"]
[Source "ChessBase"]
[SourceDate "2010.11.26"]
[SourceVersion "1"]
[SourceVersionDate "2010.11.26"]
[SourceQuality "1"]
[WhiteTeam "Dotzheim"]
[BlackTeam "Wiesbaden"]
[WhiteTeamCountry "GER"]
[BlackTeamCountry "GER"]

1. e4 Nf6 2. e5 Nd5 3. Nc3 Nb6 4. Nf3 d6 5. exd6 exd6 6. d4 Be7 7. Bd3 Nc6 8. Ne4 Nb4 9. Be2 Bf5 10. a3 N4d5 11. Ng3 Bg6 12. c4 Nf6 13. 0-0 Ne4 14. Nxe4 Bxe4 15. Re1 0-0 16. b3 Bf6 17. Ra2 Qd7 18. Ng5 Bf5 19. Bf3 c6 20. Ne4 Bxe4 21. Bxe4 d5 22. cxd5 Nxd5 23. Rd2 Rad8 24. Qf3 Rfe8 25. Rf1 Qd6 26. Rd3 Qe6 27. Bf5 Qe2 28. Qh3 g6 29. Bg4 Qe4 30. Rd2 Nf4 31. Qg3 h5 32. Bf3 Qf5 33. d5 cxd5 34. Bd1 d4 35. Qf3 b6 36. Ra2 Bg5 37. Kh1 Qe5 38. g3 Ne6 39. Re2 Qf6 40. Qxf6 Bxf6 41. b4 d3 42. Rd2 0-1

[Event "Hessenliga 0910"]
[White "Dorst, Johannes"]
[Black "Heindrich, Mark"]
[Site "Germany"]
[Round "3.3"]
[Result "1-0"]
[Date "2009.11.01"]
[WhiteElo "2254"]
[BlackElo "2134"]
[PlyCount "69"]
[EventDate "2009.09.20"]
[EventType "team-tourn"]
[EventRounds "9"]
[EventCountry "GER"]
[SourceTitle "EXT 2011"]
[Source "ChessBase"]
[SourceDate "2010.11.26"]
[SourceVersion "1"]
[SourceVersionDate "2010.11.26"]
[SourceQuality "1"]
[WhiteTeam "Marburg"]
[BlackTeam "Dotzheim"]
[WhiteTeamCountry "GER"]
[BlackTeamCountry "GER"]

1. e4 c6 2. d4 d5 3. Nc3 g6 4. Be3 Bg7 5. Qd2 Be6 6. Nf3 Nd7 7. Ng5 Nf8 8. Nxe6 Nxe6 9. exd5 cxd5 10. Bb5+ Kf8 11. Be2 h5 12. 0-0 f5 13. Bf3 Nf6 14. Ne2 Kf7 15. c4 Rc8 16. Rac1 Qd6 17. Nf4 Nc7 18. Nh3 Rhd8 19. Ng5+ Kg8 20. Bf4 Qd7 21. c5 Ne6 22. Nxe6 Qxe6 23. Bd1 b6 24. Re1 Qd7 25. b4 Ne4 26. Qe3 e5 27. dxe5 bxc5 28. f3 Nd6 29. Rxc5 Nc4 30. Qd4 Rb8 31. Bg5 Rdc8 32. Rxd5 Qe8 33. Bb3 Rxb4 34. Bd2 Nxd2 35. Qxb4 1-0

[Event "Jena Schwarzer Baer op"]
[White "Heindrich, Mark"]
[Black "Moser, Eva"]
[Site "Jena"]
[Round "3"]
[Result "0-1"]
[Date "2009.02.07"]
[WhiteElo "2125"]
[BlackElo "2376"]
[PlyCount "140"]
[EventDate "2009.02.04"]
[EventType "swiss"]
[EventRounds "7"]
[EventCountry "GER"]
[SourceTitle "EXT 2010"]
[Source "ChessBase"]
[SourceDate "2010.11.25"]
[SourceVersion "1"]
[SourceVersionDate "2010.11.25"]
[SourceQuality "1"]

1. e4 d6 2. d4 Nf6 3. Nc3 Nbd7 4. Nf3 e5 5. Bc4 Be7 6. 0-0 0-0 7. Bb3 c6 8. dxe5 dxe5 9. Qe2 Qc7 10. a3 Nc5 11. Ba2 Ne6 12. Be3 Ng4 13. Bd2 Nd4 14. Qd3 Rd8 15. Rad1 Be6 16. Bxe6 Nxe6 17. Qe2 Nf6 18. Be3 Bc5 19. Bxc5 Nxc5 20. h3 h6 21. Nh4 Ne6 22. Nf5 Kh7 23. Qe3 b6 24. g3 Rxd1 25. Rxd1 Rd8 26. Rd2 Rxd2 27. Qxd2 Ng5 28. Qd6 Qc8 29. Kg2 Ngxe4 30. Nxe4 Qxf5 31. Nxf6+ Qxf6 32. Qd7 a5 33. f3 g6 34. h4 h5 35. b3 Kg7 36. a4 Kh7 37. Qe8 Kg7 38. Qd7 c5 39. Qd5 Qf5 40. Kg1 Qxc2 41. Qxe5+ Kh7 42. Qd5 Qc1+ 43. Kf2 Qb2+ 44. Ke3 Qc3+ 45. Kf4 Kg8 46. Qd8+ Kg7 47. Qd5 Qc1+ 48. Ke5 Qe1+ 49. Kf4 f6 50. Qd7+ Kh6 51. Qd5 Qc1+ 52. Ke4 Qb1+ 53. Ke3 Qg1+ 54. Kf4 Qe1 55. Qd6 Qb4+ 56. Ke3 Qxb3+ 57. Ke2 Qc4+ 58. Ke3 Qc3+ 59. Kf2 Qd4+ 60. Qxd4 cxd4 61. Ke2 Kg7 62. Kd3 Kf7 63. Kxd4 Ke6 64. Ke4 Kd6 65. Kd4 Kc6 66. Kc4 g5 67. f4 gxf4 68. gxf4 f5 69. Kd4 b5 70. axb5+ Kxb5 0-1

[Event "Jena Schwarzer Baer op"]
[White "Lange, Martin"]
[Black "Heindrich, Mark"]
[Site "Jena"]
[Round "2"]
[Result "0-1"]
[Date "2009.02.05"]
[WhiteElo "1799"]
[BlackElo "2125"]
[PlyCount "132"]
[EventDate "2009.02.04"]
[EventType "swiss"]
[EventRounds "7"]
[EventCountry "GER"]
[SourceTitle "EXT 2010"]
[Source "ChessBase"]
[SourceDate "2010.11.25"]
[SourceVersion "1"]
[SourceVersionDate "2010.11.25"]
[SourceQuality "1"]

1. e4 e5 2. Nf3 Nc6 3. d4 exd4 4. Nxd4 Bc5 5. Nf5 d5 6. Bb5 Bxf5 7. exf5 Qe7+ 8. Qe2 Qxe2+ 9. Bxe2 0-0-0 10. 0-0 Nge7 11. Nd2 Nxf5 12. Bg4 g6 13. Nb3 Bb6 14. Bg5 Rde8 15. Bf6 Rhg8 16. Rfd1 Re6 17. Bg5 Ne5 18. Bh3 c6 19. Nd2 h5 20. Re1 Rge8 21. Kf1 Ng4 22. Bxg4 hxg4 23. c3 Bc7 24. Rxe6 Rxe6 25. Re1 Kd7 26. Nb3 b6 27. Rd1 f6 28. Bc1 Re4 29. Nd2 Re6 30. g3 c5 31. a4 Kc6 32. b3 Be5 33. c4 Rd6 34. cxd5+ Rxd5 35. Re1 Nd4 36. Re3 Nc2 37. Re2 Rd3 38. Kg2 Nd4 39. Re4 Nxb3 40. Nxb3 Rxb3 41. Rxg4 g5 42. h4 gxh4 43. gxh4 Rb4 44. f4 Bb2 45. Bxb2 Rxb2+ 46. Kf3 Kd5 47. Rg1 c4 48. Rd1+ Ke6 49. Ke4 a6 50. f5+ Ke7 51. Kd5 b5 52. Re1+ Kf7 53. h5 c3 54. h6 Rd2+ 55. Kc5 Rf2 56. axb5 axb5 57. Kd6 b4 58. Re7+ Kg8 59. Rg7+ Kh8 60. Ke6 c2 61. Rc7 b3 62. Kxf6 b2 63. Rc8+ Kh7 64. Rc7+ Kxh6 65. Rc8 Rxf5+ 66. Kxf5 c1Q 0-1

[Event "Oberliga Ost-B 0203"]
[White "Schlamp, Robert"]
[Black "Heindrich, Mark"]
[Site "Germany"]
[Round "2.7"]
[Result "1-0"]
[Date "2002.11.16"]
[WhiteElo "2317"]
[BlackElo "2186"]
[PlyCount "44"]
[EventDate "2002.10.20"]
[EventType "team-tourn"]
[EventRounds "11"]
[EventCountry "GER"]
[SourceTitle "EXT 2004"]
[Source "ChessBase"]
[SourceDate "2003.11.25"]
[SourceVersion "1"]
[SourceVersionDate "2003.11.25"]
[SourceQuality "1"]
[WhiteTeam "Oberursel"]
[BlackTeam "Dotzheim"]
[WhiteTeamCountry "GER"]
[BlackTeamCountry "GER"]

1. e4 e5 2. Nc3 Nf6 3. f4 d5 4. fxe5 Nxe4 5. Nf3 Bb4 6. Qe2 Nc5 7. a3 Bxc3 8. dxc3 Bg4 9. Be3 Qe7 10. 0-0-0 c6 11. h3 Be6 12. Bg5 Qc7 13. Qe3 Nbd7 14. Bh4 h6 15. g4 b5 16. g5 Ne4 17. gxh6 Rxh6 18. Rg1 Rh7 19. Bd3 Nxe5 20. Bxe4 Nc4 21. Qg5 dxe4 22. Nd4 Bd7 1-0

[Event "Dotzheim op 1st"]
[White "Haas, Michael"]
[Black "Heindrich, Mark"]
[Site "Dotzheim"]
[Round "9"]
[Result "0-1"]
[Date "2002.08.31"]
[WhiteElo "2111"]
[BlackElo "2186"]
[PlyCount "78"]
[EventDate "2002.08.24"]
[EventType "swiss"]
[EventRounds "9"]
[EventCountry "GER"]
[SourceTitle "EXT 2003"]
[Source "ChessBase"]
[SourceDate "2002.11.25"]
[SourceVersion "1"]
[SourceVersionDate "2002.11.25"]
[SourceQuality "1"]

1. e4 e5 2. Nf3 Nc6 3. Bc4 Bc5 4. Nc3 Nf6 5. d3 d6 6. Be3 Bb6 7. h3 Be6 8. Bb3 0-0 9. Qe2 Ba5 10. 0-0 Ne7 11. Ng5 Bxb3 12. axb3 Bb6 13. Ra4 Ng6 14. Rfa1 a6 15. Bxb6 cxb6 16. g3 Rc8 17. Re1 b5 18. Raa1 b4 19. Nd1 Nd7 20. Nf3 Ne7 21. Ne3 Nc5 22. Qd2 f5 23. exf5 Nxf5 24. Nxf5 Rxf5 25. Nh4 Rf7 26. Qxb4 Ne6 27. c3 Nf4 28. gxf4 Qxh4 29. Qxd6 Qxf4 30. Re2 Rc6 31. Qd8+ Rf8 32. Qd5+ Kh8 33. Qe4 Rg6+ 34. Kh1 Qg5 35. Qxb7 Qh4 36. Kh2 Rxf2+ 37. Rxf2 Qxf2+ 38. Kh1 h6 39. Qe4 Qg3 0-1

[Event "Oberliga Ost-B 0102"]
[White "Heindrich, Mark"]
[Black "Nedela, Vlastimil"]
[Site "Germany"]
[Round "3.3"]
[Result "0-1"]
[Date "2001.11.11"]
[WhiteElo "2187"]
[BlackElo "2384"]
[PlyCount "80"]
[EventDate "2001.10.07"]
[EventType "team-tourn"]
[EventRounds "11"]
[EventCountry "GER"]
[SourceTitle "EXT 2003"]
[Source "ChessBase"]
[SourceDate "2002.11.25"]
[SourceVersion "1"]
[SourceVersionDate "2002.11.25"]
[SourceQuality "1"]
[WhiteTeam "Wiesbaden Dotzheim"]
[BlackTeam "Offenbach"]
[WhiteTeamCountry "GER"]
[BlackTeamCountry "GER"]

1. e4 d5 2. exd5 Qxd5 3. Nc3 Qd6 4. g3 Nf6 5. Bg2 c6 6. h3 Bf5 7. d3 Nbd7 8. Be3 Nd5 9. Bd2 e5 10. Qf3 Be6 11. Ne4 Qe7 12. a3 Nc5 13. Ne2 h6 14. N2c3 Qc7 15. Qe2 Nd7 16. Nxd5 Bxd5 17. 0-0 0-0-0 18. b4 f5 19. Nc3 Bxg2 20. Kxg2 Bd6 21. Rae1 Nf6 22. Qf3 Qd7 23. Be3 Kb8 24. Rb1 Rhe8 25. b5 c5 26. a4 Qe6 27. a5 Re7 28. Rbd1 g5 29. Na4 Rc8 30. Qe2 f4 31. Bc1 h5 32. f3 g4 33. hxg4 hxg4 34. Rh1 Rg8 35. fxg4 Rxg4 36. Rh3 Reg7 37. Bxf4 Rxf4 38. Rh8+ Ng8 39. Qh5 Rf5 40. Qh4 Rfg5 0-1

[Event "Hessenliga 9900"]
[White "Heindrich, Mark"]
[Black "Grafl, Florian"]
[Site "Hessen"]
[Round "4.2"]
[Result "1-0"]
[Date "1999.11.28"]
[WhiteElo "2174"]
[BlackElo "2285"]
[PlyCount "61"]
[EventDate "1999.09.26"]
[EventType "team-tourn"]
[EventRounds "11"]
[EventCountry "GER"]
[SourceTitle "EXT 2002"]
[Source "ChessBase"]
[SourceDate "2001.11.25"]
[SourceVersion "1"]
[SourceVersionDate "2001.11.25"]
[SourceQuality "1"]

1. e4 e5 2. Nf3 Nc6 3. Bb5 Nf6 4. Bxc6 dxc6 5. d3 Qd6 6. Nbd2 Be6 7. d4 Nd7 8. c3 f6 9. Qe2 0-0-0 10. a4 g5 11. dxe5 Nxe5 12. Nxe5 Qxe5 13. Nf3 Qc5 14. Nd4 Bc4 15. Qg4+ Rd7 16. Be3 Qd6 17. 0-0-0 h5 18. Qf5 Qe7 19. b4 Bg7 20. Qa5 a6 21. Nf5 Qxe4 22. Rxd7 Kxd7 23. Nxg7 Bd5 24. Qc5 Rh7 25. Rd1 Rxg7 26. c4 Qe5 27. cxd5 Qa1+ 28. Kd2 Qb2+ 29. Ke1 cxd5 30. Qxd5+ Ke8 31. Qe6+ 1-0

[Event "Wiesbaden op 18th"]
[White "Heindrich, Mark"]
[Black "Nagel, Bernhard"]
[Site "Wiesbaden"]
[Round "9"]
[Result "1/2-1/2"]
[Date "1999.09.04"]
[WhiteElo "2174"]
[BlackElo "2216"]
[PlyCount "87"]
[EventDate "1999.08.??"]
[EventType "swiss"]
[EventRounds "9"]
[EventCountry "GER"]
[SourceTitle "EXT 2001"]
[Source "ChessBase"]
[SourceDate "2000.11.22"]
[SourceVersion "1"]
[SourceVersionDate "2000.11.22"]
[SourceQuality "1"]

1. e4 c6 2. d4 d5 3. Nc3 dxe4 4. Nxe4 Bf5 5. Nc5 b6 6. Nb3 Nf6 7. Nf3 Qc7 8. c4 e6 9. Bd3 Bb4+ 10. Kf1 Bxd3+ 11. Qxd3 Nbd7 12. g3 Rd8 13. Kg2 0-0 14. Bf4 Bd6 15. Bxd6 Qxd6 16. Rad1 Qb4 17. Rhe1 Nc5 18. Nxc5 bxc5 19. Qe2 Rb8 20. b3 a5 21. dxc5 Qxc5 22. Qe5 Qa3 23. Re2 a4 24. bxa4 Qxa4 25. Red2 h6 26. Qe2 Qa3 27. Ne5 Qc5 28. Nd7 Nxd7 29. Rxd7 Rb4 30. Rc1 Ra4 31. Rc2 Ra3 32. Qe4 Qf5 33. Qxf5 exf5 34. Rc7 Rfa8 35. Rxc6 Rxa2 36. Rxa2 Rxa2 37. h4 g6 38. Kf3 Kg7 39. Ke3 Rc2 40. f3 Rg2 41. Kf4 Rc2 42. c5 Rc3 43. Rc7 Kf6 44. Rc6+ 1/2-1/2